Estadísticas para Ganadores del Golden Boy

Haz click aquí para intentar la prueba.

Estadísticas generales

  • Esta prueba ha sido intentada 61 veces
  • La puntuación promedio es 12 de 20

Estadísticas de respuestas

AñoEquipoJugador% Correcto
2021F.C. BarcelonaPedri
100%
2022F.C. BarcelonaGavi
98%
2005F.C. BarcelonaLionel Messi
92%
2019Atlético de MadridJoão Félix
80%
2017Paris Saint-Germain F.C.Kylian Mbappé
75%
2007Atlético de MadridSergio Agüero
73%
2018A.F.C. AjaxMatthijs de Ligt
67%
2013Juventus F.C.Paul Pogba
67%
2004Manchester United F.C.Wayne Rooney
67%
2020B.V. Borussia DortmundErling Haaland
65%
2012Málaga F.C.Isco Alarcón
63%
2011B.V. Borussia DortmundMario Götze
63%
2009A.C. MilanAlexandre Pato
53%
2015Manchester United F.C.Anthony Martial
53%
2006Arsenal F.C.Cesc Fàbregas
51%
2014Liverpool F.C.Raheem Sterling
49%
2010Manchester City F.C.Mario Balotelli
47%
2016F.C. BayernRenato Sanches
47%
2003A.F.C AjaxRafael van der Vaart
27%
2008Manchester United F.C.Anderson Oliveira
12%

Distribución de puntuación

Porcentaje por número respondido

Porcentaje de gente con cada puntuación

Historial de tus puntuaciones

No has intentado esta prueba.